| 000 | 00703nam a2200229Ii 4500 | ||
|---|---|---|---|
| 003 | JO-AjNU | ||
| 008 | 230606s9999||||xx |||||||||||||| ||und|| | ||
| 020 | _a978-0-521-60621-9 / 0-521-60621-7 | ||
| 040 |
_aJO-AjNU _beng _erda _cJO-AjNU |
||
| 041 | _aeng | ||
| 050 | 1 | 4 | _aHF5718.M376 2006 |
| 100 | 3 |
_aMascull,Bill, _eauthor _92058 |
|
| 245 | 0 | 0 | _aBusiness Vocabulary in Use Elementary |
| 250 | _a2 ed | ||
| 264 | 3 | 1 | _aNew York: Cambridge University Press,2006 |
| 300 |
_a138p _bIncludes indexes(p134-138) |
||
| 336 |
_atext _btxt _2rdacontent |
||
| 337 |
_aunmediated _bn _2rdamedia |
||
| 338 |
_avolume _bnc _2rdacarrier |
||
| 490 | 0 | _aCambridge Professional English | |
| 650 | 4 |
_aBusiness _92059 |
|
| 999 |
_aE1081 _c1081 _d1081 |
||